[Event "Greek Team Championship"]
[Site "chess24.com"]
[Date "2017.07.03"]
[Round "1"]
[White "Kiriakopoulos, Antonios"]
[Black "Dimitrov, Atanas"]
[Result "0-1"]
[Board "3"]
[WhiteElo "1859"]
[WhiteCountry "GRE"]
[WhiteFideId "4203933"]
[WhiteEloChange "-2"]
[BlackElo "2291"]
[BlackTitle "IM"]
[BlackCountry "GRE"]
[BlackFideId "2901315"]
[BlackEloChange "2"]

1. e4 {[%clk 1:30:55]} g6 {[%clk 1:30:54]} 2. d4 {[%clk 1:30:32]} Bg7 {[%clk
1:31:22]} 3. h4 {[%clk 1:30:53]} h6 {[%clk 1:31:31]} 4. Be3 {[%clk 1:30:55]} c5
{[%clk 1:30:29]} 5. Qd2 {[%clk 1:31:03]} Nf6 {[%clk 1:29:26]} 6. f3 {[%clk
1:31:22]} cxd4 {[%clk 1:29:03]} 7. Bxd4 {[%clk 1:31:29]} Nc6 {[%clk 1:29:28]} 8.
Bc3 {[%clk 1:29:27]} e5 {[%clk 1:22:48]} 9. Bc4 {[%clk 1:29:17]} d6 {[%clk
1:01:13]} 10. Ne2 {[%clk 1:27:08]} O-O {[%clk 0:49:46]} 11. Na3 {[%clk 1:23:34]}
a6 {[%clk 0:48:24]} 12. Rd1 {[%clk 1:23:59]} b5 {[%clk 0:46:43]} 13. Bd5 {[%clk
1:24:14]} Nxd5 {[%clk 0:45:50]} 14. Qxd5 {[%clk 1:23:29]} Qb6 {[%clk 0:44:09]}
15. b4 {[%clk 1:18:06]} Be6 {[%clk 0:42:11]} 16. Qd2 {[%clk 1:15:41]} Rfd8 {[%clk
0:40:40]} 17. Qc1 {[%clk 1:14:24]} d5 {[%clk 0:37:04]} 18. exd5 {[%clk 1:14:17]}
Rxd5 {[%clk 0:36:11]} 19. Rxd5 {[%clk 1:14:05]} Bxd5 {[%clk 0:36:40]} 20. Bd2
{[%clk 1:13:58]} h5 {[%clk 0:31:17]} 21. Nc3 {[%clk 1:10:18]} Nxb4 {[%clk
0:28:41]} 22. Qb2 {[%clk 1:08:10]} Bf8 {[%clk 0:25:48]} 23. Nxd5 {[%clk 1:01:51]}
Nxd5 {[%clk 0:26:16]} 24. Qb3 {[%clk 0:52:55]} Rd8 {[%clk 0:20:10]} 25. c4 {[%clk
0:48:15]} Nf4 {[%clk 0:20:24]} 26. Bxf4 {[%clk 0:47:18]} exf4 {[%clk 0:20:53]}
27. Nc2 {[%clk 0:44:28]} Qa5+ {[%clk 0:20:44]} 28. Kf1 {[%clk 0:43:22]} Rd1+
{[%clk 0:21:00]} 0-1

[Event "Greek Team Championship"]
[Site "chess24.com"]
[Date "2017.07.03"]
[Round "1"]
[White "Ispas, Eugenia"]
[Black "Galunova, Tsveta"]
[Result "0-1"]
[Board "5"]
[WhiteElo "1534"]
[WhiteCountry "GRE"]
[WhiteFideId "4269900"]
[WhiteEloChange "-2"]
[BlackElo "2175"]
[BlackCountry "BUL"]
[BlackFideId "2909995"]
[BlackEloChange "2"]

1. e4 {[%clk 1:30:59]} Nf6 {[%clk 1:30:54]} 2. Nc3 {[%clk 1:31:06]} e5 {[%clk
1:31:11]} 3. b3 {[%clk 1:30:04]} Nc6 {[%clk 1:22:55]} 4. Nf3 {[%clk 1:29:30]} Bc5
{[%clk 1:20:31]} 5. Be2 {[%clk 1:27:55]} d6 {[%clk 1:20:22]} 6. O-O {[%clk
1:27:42]} h6 {[%clk 1:19:41]} 7. d3 {[%clk 1:26:38]} a6 {[%clk 1:18:28]} 8. Nd5
{[%clk 1:25:05]} Be6 {[%clk 1:15:58]} 9. c4 {[%clk 1:24:17]} Nd4 {[%clk 1:15:05]}
10. Bb2 {[%clk 1:22:25]} c6 {[%clk 1:13:09]} 11. Nxd4 {[%clk 1:19:31]} Bxd4
{[%clk 1:12:13]} 12. Nxf6+ {[%clk 1:16:20]} Qxf6 {[%clk 1:12:29]} 13. Bxd4 {[%clk
1:15:51]} exd4 {[%clk 1:12:54]} 14. f4 {[%clk 1:13:39]} h5 {[%clk 1:09:34]} 15.
f5 {[%clk 1:09:41]} Bd7 {[%clk 1:08:35]} 16. Qd2 {[%clk 1:08:05]} O-O-O {[%clk
1:05:44]} 17. Qf4 {[%clk 1:07:09]} c5 {[%clk 1:03:33]} 18. Rf3 {[%clk 1:05:15]}
Rdg8 {[%clk 1:02:27]} 19. Raf1 {[%clk 1:00:28]} Qe5 {[%clk 0:54:32]} 20. Qxe5
{[%clk 0:58:35]} dxe5 {[%clk 0:54:53]} 21. a3 {[%clk 0:52:51]} Kc7 {[%clk
0:52:35]} 22. b4 {[%clk 0:52:39]} b6 {[%clk 0:49:31]} 23. h3 {[%clk 0:50:46]} h4
{[%clk 0:46:57]} 24. g4 {[%clk 0:48:22]} Kd6 {[%clk 0:38:55]} 25. Rb1 {[%clk
0:47:08]} b5 {[%clk 0:34:54]} 26. cxb5 {[%clk 0:42:28]} axb5 {[%clk 0:34:05]} 27.
Rff1 {[%clk 0:40:55]} Ra8 {[%clk 0:33:02]} 28. bxc5+ {[%clk 0:39:35]} Kxc5 {[%clk
0:33:20]} 29. Rfc1+ {[%clk 0:39:44]} Kd6 {[%clk 0:31:32]} 30. Rb3 {[%clk
0:38:00]} Ra4 {[%clk 0:29:45]} 31. Kf2 {[%clk 0:28:51]} Rha8 {[%clk 0:29:22]} 32.
Ke1 {[%clk 0:26:31]} Rxa3 {[%clk 0:29:02]} 33. Bd1 {[%clk 0:26:09]} Ra2 {[%clk
0:27:10]} 34. Bc2 {[%clk 0:24:51]} Rc8 {[%clk 0:24:29]} 35. Kd1 {[%clk 0:24:30]}
f6 {[%clk 0:24:15]} 36. Rbb1 {[%clk 0:23:20]} Rc3 {[%clk 0:23:14]} 37. Ra1 {[%clk
0:22:46]} Rcxc2 {[%clk 0:22:41]} 0-1

[Event "Greek Team Championship"]
[Site "chess24.com"]
[Date "2017.07.03"]
[Round "1"]
[White "Liapi Zenebisi, Irini"]
[Black "Triantopoulou, Afroditi"]
[Result "1-0"]
[Board "6"]
[WhiteElo "1791"]
[WhiteCountry "GRE"]
[WhiteFideId "4234120"]
[WhiteEloChange "2"]
[BlackElo "1113"]
[BlackCountry "GRE"]
[BlackFideId "4270290"]
[BlackEloChange "-2"]

1. d4 {[%clk 1:30:57]} Nf6 {[%clk 1:30:50]} 2. Nf3 {[%clk 1:31:21]} e6 {[%clk
1:30:54]} 3. c4 {[%clk 1:31:41]} d5 {[%clk 1:29:05]} 4. g3 {[%clk 1:31:55]} Be7
{[%clk 1:26:26]} 5. Bg2 {[%clk 1:32:13]} O-O {[%clk 1:22:56]} 6. Qc2 {[%clk
1:32:11]} Nbd7 {[%clk 1:08:51]} 7. O-O {[%clk 1:32:09]} c6 {[%clk 1:04:44]} 8.
Nbd2 {[%clk 1:31:16]} Re8 {[%clk 0:59:29]} 9. Rd1 {[%clk 1:28:08]} Bb4 {[%clk
0:48:15]} 10. e4 {[%clk 1:26:32]} Bxd2 {[%clk 0:41:18]} 11. Nxd2 {[%clk 1:26:49]}
dxe4 {[%clk 0:35:38]} 12. Nxe4 {[%clk 1:27:08]} Nxe4 {[%clk 0:35:16]} 13. Bxe4
{[%clk 1:25:05]} Nf6 {[%clk 0:28:06]} 14. Bg2 {[%clk 1:25:19]} Bd7 {[%clk
0:21:35]} 15. Bf4 {[%clk 1:20:38]} b5 {[%clk 0:17:55]} 16. cxb5 {[%clk 1:15:13]}
cxb5 {[%clk 0:12:34]} 17. Bg5 {[%clk 1:11:31]} Rc8 {[%clk 0:08:34]} 18. Qb3
{[%clk 1:11:12]} Qb6 {[%clk 0:05:15]} 19. Bxf6 {[%clk 1:09:14]} gxf6 {[%clk
0:04:57]} 20. Qf3 {[%clk 1:01:41]} Kf8 {[%clk 0:03:22]} 21. Qxf6 {[%clk 1:00:36]}
Bc6 {[%clk 0:02:11]} 22. Qh6+ {[%clk 0:56:26]} Kg8 {[%clk 0:01:17]} 23. Qg5+
{[%clk 0:56:44]} Kf8 {[%clk 0:01:35]} 24. Bxc6 {[%clk 0:53:33]} Qxc6 {[%clk
0:01:28]} 25. Rac1 {[%clk 0:50:37]} Qd7 {[%clk 0:00:51]} 26. Rc5 {[%clk 0:49:12]}
Rxc5 {[%clk 0:00:37]} 27. Qxc5+ {[%clk 0:49:34]} Kg8 {[%clk 0:00:41]} 28. Rc1
{[%clk 0:43:22]} a6 {[%clk 0:00:35]} 29. Qg5+ {[%clk 0:40:49]} Kf8 {[%clk
0:00:57]} 30. Qh6+ {[%clk 0:41:10]} Kg8 {[%clk 0:01:07]} 31. Qf6 {[%clk 0:40:09]}
Kf8 {[%clk 0:01:05]} 32. Qh8+ {[%clk 0:36:00]} Ke7 {[%clk 0:01:13]} 33. Qe5
{[%clk 0:34:38]} Kf8 {[%clk 0:00:49]} 34. Rc7 {[%clk 0:34:56]} Qd8 {[%clk
0:00:40]} 35. Qh8# {[%clk 0:34:56]} 1-0

[Event "Greek Team Championship"]
[Site "chess24.com"]
[Date "2017.07.03"]
[Round "1"]
[White "Tagkalaki, Ioanna Lambrini"]
[Black "Aivazian, Elpida Sofia"]
[Result "0-1"]
[Board "7"]
[WhiteElo "1138"]
[WhiteCountry "GRE"]
[WhiteFideId "25852990"]
[WhiteEloChange "-3"]
[BlackElo "1415"]
[BlackCountry "GRE"]
[BlackFideId "25821555"]
[BlackEloChange "3"]

1. e4 {[%clk 1:30:58]} c5 {[%clk 1:30:57]} 2. Nc3 {[%clk 1:31:16]} e6 {[%clk
1:31:24]} 3. Nf3 {[%clk 1:30:37]} Nc6 {[%clk 1:31:39]} 4. g3 {[%clk 1:30:15]} d6
{[%clk 1:28:06]} 5. Bg2 {[%clk 1:29:43]} g6 {[%clk 1:27:33]} 6. d3 {[%clk
1:28:08]} Bg7 {[%clk 1:27:27]} 7. Be3 {[%clk 1:27:56]} e5 {[%clk 1:24:58]} 8. Nd5
{[%clk 1:23:00]} Nge7 {[%clk 1:25:01]} 9. c4 {[%clk 1:18:33]} O-O {[%clk
1:20:01]} 10. O-O {[%clk 1:16:53]} Nxd5 {[%clk 1:14:41]} 11. cxd5 {[%clk
1:13:53]} Ne7 {[%clk 1:14:52]} 12. Rc1 {[%clk 1:07:17]} h6 {[%clk 1:04:22]} 13.
Qd2 {[%clk 1:01:17]} Kh7 {[%clk 1:04:23]} 14. Ne1 {[%clk 0:50:56]} f5 {[%clk
0:53:09]} 15. f4 {[%clk 0:46:43]} b6 {[%clk 0:42:44]} 16. fxe5 {[%clk 0:35:15]}
dxe5 {[%clk 0:42:49]} 17. Nf3 {[%clk 0:32:20]} Qd6 {[%clk 0:39:11]} 18. Rf2
{[%clk 0:25:56]} Ba6 {[%clk 0:28:46]} 19. Nh4 {[%clk 0:22:01]} Rf6 {[%clk
0:21:42]} 20. exf5 {[%clk 0:19:24]} gxf5 {[%clk 0:19:01]} 21. Nxf5 {[%clk
0:18:04]} Nxf5 {[%clk 0:18:03]} 22. Be4 {[%clk 0:16:43]} Raf8 {[%clk 0:13:48]}
23. Rcf1 {[%clk 0:16:47]} Bc8 {[%clk 0:12:25]} 24. g4 {[%clk 0:15:23]} Rg6 {[%clk
0:10:16]} 25. Bxf5 {[%clk 0:14:00]} Bxf5 {[%clk 0:10:37]} 26. Rxf5 {[%clk
0:14:13]} Rxg4+ {[%clk 0:09:45]} 27. Kf2 {[%clk 0:12:49]} Rxf5+ {[%clk 0:10:03]}
28. Ke1 {[%clk 0:12:59]} Rxf1+ {[%clk 0:10:15]} 29. Kxf1 {[%clk 0:13:17]} Qf6+
{[%clk 0:09:53]} 30. Bf2 {[%clk 0:13:15]} Qf4 {[%clk 0:07:58]} 31. Qe1 {[%clk
0:12:28]} Qxh2 {[%clk 0:07:38]} 32. Ke2 {[%clk 0:12:09]} e4 {[%clk 0:06:47]} 33.
Kd1 {[%clk 0:11:18]} exd3 {[%clk 0:06:31]} 34. Kc1 {[%clk 0:10:23]} h5 {[%clk
0:05:56]} 35. a3 {[%clk 0:10:03]} Qf4+ {[%clk 0:05:56]} 36. Be3 {[%clk 0:10:08]}
Qc4+ {[%clk 0:06:11]} 37. Qc3 {[%clk 0:09:51]} Bxc3 {[%clk 0:06:30]} 38. bxc3
{[%clk 0:10:14]} Qxc3+ {[%clk 0:06:51]} 39. Kb1 {[%clk 0:10:06]} Qc2+ {[%clk
0:06:27]} 40. Ka1 {[%clk 0:40:25]} Ra4 {[%clk 0:36:27]} 41. Bc1 {[%clk 0:40:14]}
Qxc1+ {[%clk 0:36:54]} 42. Ka2 {[%clk 0:40:36]} Rxa3# {[%clk 0:37:10]} 0-1

[Event "Greek Team Championship"]
[Site "chess24.com"]
[Date "2017.07.03"]
[Round "1"]
[White "Nasos, Konstantinos"]
[Black "Antonopoulos, Panagiotis"]
[Result "1-0"]
[Board "8"]
[WhiteElo "1611"]
[WhiteCountry "GRE"]
[WhiteFideId "25838938"]
[WhiteEloChange "3"]
[BlackElo "1335"]
[BlackCountry "GRE"]
[BlackFideId "4288980"]
[BlackEloChange "-3"]

1. d4 {[%clk 1:30:57]} d5 {[%clk 1:30:54]} 2. c4 {[%clk 1:31:22]} e6 {[%clk
1:31:16]} 3. Nf3 {[%clk 1:31:40]} Nf6 {[%clk 1:31:31]} 4. g3 {[%clk 1:32:05]} Be7
{[%clk 1:31:27]} 5. Bg2 {[%clk 1:32:31]} O-O {[%clk 1:31:36]} 6. O-O {[%clk
1:32:53]} Nbd7 {[%clk 1:30:52]} 7. Qc2 {[%clk 1:33:15]} c6 {[%clk 1:24:48]} 8.
Nbd2 {[%clk 1:33:30]} b6 {[%clk 1:22:39]} 9. e4 {[%clk 1:33:50]} dxe4 {[%clk
1:22:40]} 10. Nxe4 {[%clk 1:33:51]} Nxe4 {[%clk 1:19:17]} 11. Qxe4 {[%clk
1:34:11]} Qc7 {[%clk 1:18:28]} 12. Ng5 {[%clk 1:22:45]} Bxg5 {[%clk 1:14:50]} 13.
Bxg5 {[%clk 1:23:04]} Bb7 {[%clk 1:14:46]} 14. Bf4 {[%clk 1:19:01]} Qd8 {[%clk
1:14:50]} 15. Qc2 {[%clk 1:12:44]} Qf6 {[%clk 1:05:01]} 16. Rfe1 {[%clk 1:04:46]}
Rfe8 {[%clk 0:59:48]} 17. Re2 {[%clk 0:56:16]} Red8 {[%clk 0:47:30]} 18. Rd1
{[%clk 0:52:00]} Qe7 {[%clk 0:42:18]} 19. Qa4 {[%clk 0:43:13]} Rdc8 {[%clk
0:40:58]} 20. b4 {[%clk 0:35:31]} Nf8 {[%clk 0:40:35]} 21. c5 {[%clk 0:29:17]}
Nd7 {[%clk 0:33:09]} 22. Bd6 {[%clk 0:27:52]} Qg5 {[%clk 0:31:49]} 23. f4 {[%clk
0:24:19]} Qg4 {[%clk 0:28:51]} 24. Re3 {[%clk 0:20:40]} Qf5 {[%clk 0:24:31]} 25.
Qb3 {[%clk 0:19:56]} Nf6 {[%clk 0:22:22]} 26. Re5 {[%clk 0:17:53]} Qg6 {[%clk
0:20:50]} 27. Rg5 {[%clk 0:15:15]} Qh6 {[%clk 0:19:51]} 28. Be5 {[%clk 0:15:29]}
Ne8 {[%clk 0:19:13]} 29. Bf3 {[%clk 0:15:11]} g6 {[%clk 0:17:48]} 30. Rg4 {[%clk
0:07:59]} Qf8 {[%clk 0:15:06]} 31. Rh4 {[%clk 0:07:02]} Rd8 {[%clk 0:13:16]} 32.
g4 {[%clk 0:06:03]} Qe7 {[%clk 0:12:31]} 33. g5 {[%clk 0:06:13]} Ng7 {[%clk
0:11:14]} 34. Bf6 {[%clk 0:05:15]} Qc7 {[%clk 0:10:54]} 35. Bg4 {[%clk 0:05:03]}
Re8 {[%clk 0:06:58]} 36. Qh3 {[%clk 0:04:55]} Qxf4 {[%clk 0:04:42]} 37. Rxh7
{[%clk 0:04:34]} Qxg4+ {[%clk 0:04:59]} 38. Qxg4 {[%clk 0:04:56]} Kxh7 {[%clk
0:05:22]} 39. Rd3 {[%clk 0:04:24]} Rh8 {[%clk 0:05:18]} 40. Rh3+ {[%clk 0:33:52]}
Kg8 {[%clk 0:35:31]} 41. Rxh8+ {[%clk 0:34:14]} Kxh8 {[%clk 0:34:02]} 42. Qh4+
{[%clk 0:34:38]} Kg8 {[%clk 0:34:04]} 43. Qh6 {[%clk 0:35:01]} Kf8 {[%clk
0:34:22]} 44. Qxg7+ {[%clk 0:35:15]} Ke8 {[%clk 0:34:44]} 45. Qg8+ {[%clk
0:35:23]} Kd7 {[%clk 0:34:50]} 46. Qxf7+ {[%clk 0:35:44]} Kc8 {[%clk 0:34:27]}
47. Qe8+ {[%clk 0:36:00]} Kc7 {[%clk 0:34:47]} 48. Qe7+ {[%clk 0:36:23]} Kc8
{[%clk 0:34:53]} 49. Qd8# {[%clk 0:36:47]} 1-0

[Event "Greek Team Championship"]
[Site "chess24.com"]
[Date "2017.07.03"]
[Round "1"]
[White "Kormas, Georgios"]
[Black "Blitsas, Orestis"]
[Result "1/2-1/2"]
[Board "9"]
[WhiteElo "1647"]
[WhiteCountry "GRE"]
[WhiteFideId "4289056"]
[BlackElo "1635"]
[BlackCountry "GRE"]
[BlackFideId "25807919"]

1. e4 {[%clk 1:30:57]} c5 {[%clk 1:30:29]} 2. Nc3 {[%clk 1:31:18]} e6 {[%clk
1:30:34]} 3. g3 {[%clk 1:31:14]} Nc6 {[%clk 1:29:58]} 4. Bg2 {[%clk 1:31:25]} g6
{[%clk 1:28:03]} 5. d3 {[%clk 1:31:23]} Bg7 {[%clk 1:28:00]} 6. f4 {[%clk
1:31:14]} d6 {[%clk 1:27:58]} 7. Nf3 {[%clk 1:31:15]} Nge7 {[%clk 1:27:53]} 8.
O-O {[%clk 1:31:17]} O-O {[%clk 1:27:18]} 9. Be3 {[%clk 1:31:07]} Nd4 {[%clk
1:24:14]} 10. Bf2 {[%clk 1:30:47]} Nec6 {[%clk 1:23:00]} 11. Nxd4 {[%clk
1:30:47]} Nxd4 {[%clk 1:21:22]} 12. e5 {[%clk 1:30:44]} dxe5 {[%clk 1:01:25]} 13.
fxe5 {[%clk 1:31:06]} Bxe5 {[%clk 1:01:33]} 14. Ne4 {[%clk 1:31:12]} Rb8 {[%clk
0:48:18]} 15. c3 {[%clk 1:08:49]} Nc6 {[%clk 0:45:24]} 16. Nxc5 {[%clk 1:07:43]}
Qc7 {[%clk 0:40:40]} 17. Qa4 {[%clk 0:59:02]} a6 {[%clk 0:36:01]} 18. Qh4 {[%clk
0:45:48]} b6 {[%clk 0:28:34]} 19. Ne4 {[%clk 0:41:52]} Bb7 {[%clk 0:24:55]} 20.
Nf6+ {[%clk 0:38:45]} Bxf6 {[%clk 0:24:36]} 21. Qxf6 {[%clk 0:39:00]} Qd8 {[%clk
0:24:31]} 22. Qxd8 {[%clk 0:35:20]} Nxd8 {[%clk 0:23:59]} 23. Bd4 {[%clk
0:31:25]} Bxg2 {[%clk 0:23:44]} 24. Kxg2 {[%clk 0:31:52]} Nc6 {[%clk 0:23:54]}
25. Bf6 {[%clk 0:31:58]} Rb7 {[%clk 0:23:44]} 26. d4 {[%clk 0:27:13]} Ne7 {[%clk
0:22:57]} 27. Bxe7 {[%clk 0:25:03]} Rxe7 {[%clk 0:23:14]} 28. Rae1 {[%clk
0:24:22]} Rd8 {[%clk 0:21:14]} 29. Re5 {[%clk 0:23:37]} Kg7 {[%clk 0:18:55]} 30.
Rfe1 {[%clk 0:23:02]} Kf6 {[%clk 0:14:57]} 31. g4 {[%clk 0:22:16]} h6 {[%clk
0:15:06]} 32. h4 {[%clk 0:22:13]} Rd6 {[%clk 0:14:16]} 33. Kg3 {[%clk 0:21:22]}
Kg7 {[%clk 0:14:33]} 34. g5 {[%clk 0:21:06]} hxg5 {[%clk 0:14:30]} 35. hxg5
{[%clk 0:21:32]} f6 {[%clk 0:13:31]} 36. gxf6+ {[%clk 0:21:50]} Kxf6 {[%clk
0:13:52]} 37. Rf1+ {[%clk 0:22:04]} Kg7 {[%clk 0:14:09]} 38. Rfe1 {[%clk
0:20:18]} Kf6 {[%clk 0:14:25]} 39. Rf1+ {[%clk 0:18:00]} Kg7 {[%clk 0:14:35]} 40.
Rfe1 {[%clk 0:42:08]} Kf6 {[%clk 0:44:32]} 41. Rf1+ {[%clk 0:33:55]} 1/2-1/2

[Event "Greek Team Championship"]
[Site "chess24.com"]
[Date "2017.07.03"]
[Round "1"]
[White "Panagiotakopoulos, Gerasimos"]
[Black "Tepelenis, Nikolaos"]
[Result "1/2-1/2"]
[Board "1"]
[WhiteElo "2223"]
[WhiteCountry "GRE"]
[WhiteFideId "4210778"]
[WhiteEloChange "-4"]
[BlackElo "2084"]
[BlackCountry "GRE"]
[BlackFideId "4207599"]
[BlackEloChange "4"]

1. e4 {[%clk 1:30:57]} e6 {[%clk 1:30:50]} 2. d4 {[%clk 1:31:23]} d5 {[%clk
1:31:11]} 3. Nc3 {[%clk 1:31:35]} Nc6 {[%clk 1:29:26]} 4. Nf3 {[%clk 1:30:43]}
Nf6 {[%clk 1:27:26]} 5. e5 {[%clk 1:28:16]} Ne4 {[%clk 1:25:51]} 6. Ne2 {[%clk
1:25:22]} f6 {[%clk 1:15:29]} 7. Ng3 {[%clk 1:25:20]} f5 {[%clk 1:02:24]} 8. Be2
{[%clk 1:17:03]} Be7 {[%clk 1:01:36]} 9. O-O {[%clk 1:16:37]} O-O {[%clk
1:01:04]} 10. c3 {[%clk 1:16:37]} Na5 {[%clk 0:54:33]} 11. Nxe4 {[%clk 1:14:22]}
fxe4 {[%clk 0:52:51]} 12. Ne1 {[%clk 1:12:00]} c5 {[%clk 0:49:34]} 13. f3 {[%clk
1:08:27]} cxd4 {[%clk 0:46:32]} 14. cxd4 {[%clk 1:06:54]} Qb6 {[%clk 0:37:41]}
15. fxe4 {[%clk 0:56:52]} dxe4 {[%clk 0:32:54]} 16. Rxf8+ {[%clk 0:48:04]} Bxf8
{[%clk 0:33:15]} 17. Nc2 {[%clk 0:48:29]} Bd7 {[%clk 0:27:14]} 18. b3 {[%clk
0:43:26]} Rc8 {[%clk 0:18:48]} 19. Rb1 {[%clk 0:31:37]} Bb5 {[%clk 0:14:16]} 20.
Bb2 {[%clk 0:27:45]} Bxe2 {[%clk 0:04:47]} 21. Qxe2 {[%clk 0:28:11]} Nc6 {[%clk
0:05:05]} 22. Qxe4 {[%clk 0:18:08]} Nxe5 {[%clk 0:05:00]} 23. Ne3 {[%clk
0:18:27]} Nd7 {[%clk 0:03:38]} 24. Nc4 {[%clk 0:15:50]} Qc6 {[%clk 0:03:27]} 25.
Qd3 {[%clk 0:15:50]} Qc7 {[%clk 0:03:27]} 26. Qe4 {[%clk 0:15:50]} Qc6 {[%clk
0:03:27]} 27. Qd3 {[%clk 0:15:50]} Qc7 {[%clk 0:03:27]} 28. Qe4 {[%clk 0:15:50]}
1/2-1/2

[Event "Greek Team Championship"]
[Site "chess24.com"]
[Date "2017.07.03"]
[Round "1"]
[White "Papageorgiou, Ioannis"]
[Black "Zenelis, Konstantinos"]
[Result "0-1"]
[Board "2"]
[WhiteElo "1980"]
[WhiteCountry "GRE"]
[WhiteFideId "4220056"]
[WhiteEloChange "-9"]
[BlackElo "2031"]
[BlackCountry "GRE"]
[BlackFideId "4204107"]
[BlackEloChange "9"]

1. e4 {[%clk 1:30:57]} e6 {[%clk 1:30:47]} 2. d4 {[%clk 1:31:20]} d5 {[%clk
1:31:12]} 3. Nc3 {[%clk 1:31:38]} Bb4 {[%clk 1:31:25]} 4. exd5 {[%clk 1:31:27]}
exd5 {[%clk 1:31:40]} 5. Bd3 {[%clk 1:31:43]} Nc6 {[%clk 1:22:03]} 6. Ne2 {[%clk
1:30:51]} Bg4 {[%clk 1:12:23]} 7. Be3 {[%clk 1:25:07]} Nge7 {[%clk 1:08:56]} 8.
h3 {[%clk 1:20:09]} Bh5 {[%clk 1:06:13]} 9. Qd2 {[%clk 1:18:42]} Qd7 {[%clk
1:04:07]} 10. a3 {[%clk 1:17:45]} Bxc3 {[%clk 0:56:40]} 11. Qxc3 {[%clk 1:16:55]}
O-O {[%clk 0:56:23]} 12. g4 {[%clk 1:04:38]} Bg6 {[%clk 0:56:45]} 13. O-O-O
{[%clk 1:03:01]} Bxd3 {[%clk 0:41:48]} 14. Qxd3 {[%clk 1:01:26]} Na5 {[%clk
0:35:20]} 15. b3 {[%clk 1:00:52]} b6 {[%clk 0:35:16]} 16. f4 {[%clk 0:57:54]} f5
{[%clk 0:23:12]} 17. Rdg1 {[%clk 0:56:14]} Nb7 {[%clk 0:23:16]} 18. Ng3 {[%clk
0:54:03]} Nd6 {[%clk 0:21:44]} 19. Nf1 {[%clk 0:46:36]} a5 {[%clk 0:21:46]} 20.
Nd2 {[%clk 0:45:50]} a4 {[%clk 0:20:36]} 21. b4 {[%clk 0:45:54]} Qb5 {[%clk
0:20:21]} 22. Nf3 {[%clk 0:43:04]} Qc4 {[%clk 0:16:52]} 23. Kb2 {[%clk 0:40:36]}
Qc6 {[%clk 0:16:23]} 24. Ne5 {[%clk 0:39:14]} Nc4+ {[%clk 0:16:44]} 25. Qxc4
{[%clk 0:36:38]} Qxc4 {[%clk 0:17:12]} 26. Nxc4 {[%clk 0:36:57]} dxc4 {[%clk
0:17:37]} 27. c3 {[%clk 0:34:12]} Nd5 {[%clk 0:17:33]} 28. Bd2 {[%clk 0:34:31]}
Rae8 {[%clk 0:14:47]} 29. gxf5 {[%clk 0:33:21]} Rxf5 {[%clk 0:07:16]} 30. Rg5
{[%clk 0:32:15]} Ref8 {[%clk 0:06:40]} 31. Rhg1 {[%clk 0:30:23]} g6 {[%clk
0:06:34]} 32. Rxf5 {[%clk 0:23:23]} Rxf5 {[%clk 0:07:02]} 33. Rf1 {[%clk
0:23:16]} Kf7 {[%clk 0:07:23]} 34. h4 {[%clk 0:21:31]} Kf6 {[%clk 0:07:19]} 35.
Kc2 {[%clk 0:21:45]} Rh5 {[%clk 0:07:36]} 36. Rh1 {[%clk 0:21:10]} Kf5 {[%clk
0:07:42]} 37. Re1 {[%clk 0:19:45]} Kg4 {[%clk 0:05:37]} 38. Re5 {[%clk 0:18:59]}
Kxh4 {[%clk 0:05:38]} 39. Re6 {[%clk 0:18:38]} Kg4 {[%clk 0:04:36]} 40. Rc6
{[%clk 0:48:13]} Rh2 {[%clk 0:34:38]} 41. Kc1 {[%clk 0:48:08]} Kf5 {[%clk
0:11:01]} 42. Rxc4 {[%clk 0:47:54]} Ke4 {[%clk 0:11:28]} 43. Rc6 {[%clk 0:47:33]}
Kd3 {[%clk 0:11:47]} 44. c4 {[%clk 0:45:50]} Ne7 {[%clk 0:12:03]} 45. Rxc7 {[%clk
0:45:45]} Nf5 {[%clk 0:12:30]} 46. c5 {[%clk 0:45:42]} b5 {[%clk 0:09:02]} 47. d5
{[%clk 0:44:36]} Rxd2 {[%clk 0:09:20]} 48. d6 {[%clk 0:44:53]} Kc3 {[%clk
0:09:10]} 49. Rxh7 {[%clk 0:44:16]} Rd3 {[%clk 0:08:59]} 50. Rh1 {[%clk 0:43:16]}
Nd4 {[%clk 0:07:30]} 51. Rf1 {[%clk 0:38:03]} Nb3+ {[%clk 0:07:40]} 0-1

[Event "Greek Team Championship"]
[Site "chess24.com"]
[Date "2017.07.03"]
[Round "1"]
[White "Skourtis, Efstratios"]
[Black "Georgiadis, Alexandros"]
[Result "1/2-1/2"]
[Board "3"]
[WhiteElo "1954"]
[WhiteCountry "GRE"]
[WhiteFideId "4204980"]
[BlackElo "1947"]
[BlackCountry "GRE"]
[BlackFideId "4206487"]

1. d4 {[%clk 1:30:56]} Nf6 {[%clk 1:30:52]} 2. c4 {[%clk 1:31:13]} g6 {[%clk
1:31:10]} 3. Nc3 {[%clk 1:31:27]} Bg7 {[%clk 1:31:33]} 4. e4 {[%clk 1:31:43]} d6
{[%clk 1:31:54]} 5. Be2 {[%clk 1:31:52]} O-O {[%clk 1:32:06]} 6. g4 {[%clk
1:32:07]} c5 {[%clk 1:32:03]} 7. d5 {[%clk 1:32:04]} e6 {[%clk 1:32:21]} 8. g5
{[%clk 1:32:06]} Nh5 {[%clk 1:32:44]} 9. Bxh5 {[%clk 1:29:14]} gxh5 {[%clk
1:33:08]} 10. Qxh5 {[%clk 1:27:58]} exd5 {[%clk 1:32:53]} 11. cxd5 {[%clk
1:26:12]} Re8 {[%clk 1:32:51]} 12. Nge2 {[%clk 1:16:56]} b5 {[%clk 1:32:56]} 13.
f3 {[%clk 1:04:09]} b4 {[%clk 1:32:38]} 14. Nd1 {[%clk 1:03:30]} Nd7 {[%clk
1:25:18]} 15. O-O {[%clk 0:58:55]} Ba6 {[%clk 0:59:19]} 16. Re1 {[%clk 0:57:50]}
Ne5 {[%clk 0:55:34]} 17. Nf2 {[%clk 0:57:47]} f6 {[%clk 0:47:18]} 18. Kg2 {[%clk
0:39:56]} fxg5 {[%clk 0:45:23]} 19. Bxg5 {[%clk 0:35:02]} Qd7 {[%clk 0:45:02]}
20. Ng3 {[%clk 0:25:32]} Qf7 {[%clk 0:35:34]} 21. f4 {[%clk 0:21:34]} Nc4 {[%clk
0:20:47]} 22. Qxf7+ {[%clk 0:16:39]} Kxf7 {[%clk 0:21:12]} 23. Nd3 {[%clk
0:10:46]} Nxb2 {[%clk 0:19:49]} 24. Nxb2 {[%clk 0:11:04]} Bxb2 {[%clk 0:20:12]}
25. Nf5 {[%clk 0:11:11]} Rg8 {[%clk 0:11:23]} 26. Rab1 {[%clk 0:09:55]} Rxg5+
{[%clk 0:10:34]} 27. fxg5 {[%clk 0:10:07]} Be5 {[%clk 0:10:58]} 28. Re3 {[%clk
0:08:55]} Bc4 {[%clk 0:10:27]} 29. Rh3 {[%clk 0:08:25]} Kg8 {[%clk 0:10:21]} 30.
Ne7+ {[%clk 0:05:36]} Kg7 {[%clk 0:10:29]} 31. Nf5+ {[%clk 0:05:56]} Kg8 {[%clk
0:07:05]} 32. Ne7+ {[%clk 0:05:19]} Kg7 {[%clk 0:07:28]} 33. Nf5+ {[%clk
0:05:30]} Kg8 {[%clk 0:07:28]} 1/2-1/2